000 00437nam a2200193Ia 4500
005 20240823035544.0
008 240823s9999||||xx |||||||||||||| ||und||
020 _a978-0-241-95422-5
041 _aENGLISH
082 _A823.92 Q2
100 _aKaty Darby
245 4 _aThe Unpierged Heart
250 _a1st
260 _c2012
_b"Penguin Books,En"
500 _aYES
650 _aNovel
_bEnglish
942 _cBK
999 _c200970
_d200970